Online
Catalog

Apuntes para un plan nacional de desarrollo cooperativo / : (Record no. 2513)

MARC details
000 -CABECERA
campo de control de longitud fija 00635nam a2200181 u 4500
001 - NÚMERO DE CONTROL
campo de control 000002677
005 - FECHA Y HORA DE LA ÚLTIMA TRANSACCIÓN
campo de control 20200929150233.0
008 - DATOS DE LONGITUD FIJA--INFORMACIÓN GENERAL
campo de control de longitud fija 090703s1985 dr r 000 0 spa d
040 ## - FUENTE DE LA CATALOGACIÓN
Centro catalogador/agencia de origen DO-SdBNP
Lengua de catalogación spa
Centro/agencia transcriptor BNPHU
082 ## - NÚMERO DE LA CLASIFICACIÓN DECIMAL DEWEY
Número de clasificación 334
Número de documento/Ítem M538a
100 1# - ENTRADA PRINCIPAL--NOMBRE DE PERSONA
Nombre de persona Méndez, Rafael.
9 (RLIN) 8437
245 10 - MENCIÓN DE TÍTULO
Título Apuntes para un plan nacional de desarrollo cooperativo / :
Resto del título Rafael Méndez.
260 ## - PUBLICACIÓN, DISTRIBUCIÓN, ETC.
Lugar de publicación, distribución, etc. Santo Domingo :
Nombre del editor, distribuidor, etc. Editora Lozano,
Fecha de publicación, distribución, etc. 1985.
270 ## - DIRECCIÓN
Dirección Lozano
Ciudad Santo Domingo
País República Dominicana
Dirección C/Abreu esq. Salcedo
Número de teléfono 685-2379
300 ## - DESCRIPCIÓN FÍSICA
Extensión 136p ;
Dimensiones 21cm.
500 ## - NOTA GENERAL
Nota general Incluye datos biográficos
650 #4 - PUNTO DE ACCESO ADICIONAL DE MATERIA--TÉRMINO DE MATERIA
Término de materia o nombre geográfico como elemento de entrada Cooperativismo
Subdivisión geográfica República Dominicana
9 (RLIN) 6536
Holdings
Estado de retiro Estado de pérdida No para préstamo Código de colección Localización permanente Ubicación/localización actual Ubicación en estantería Fecha de adquisición Fuente de adquisición Número de inventario Total de préstamos Signatura topográfica completa Código de barras Fecha visto por última vez Precio válido a partir de Tipo de ítem Koha Número de copia
    Excluido de préstamo Patrimonio Dominicano Patrimonio Dominicano Patrimonio Dominicano En catalogación 03.07.2009 026114 LF1   334 M538a 2677-10 25.06.2020 25.06.2020 Libro y Folleto Colección Patrimonio Dominicano  
    Excluido de préstamo Patrimonio Dominicano Patrimonio Dominicano Patrimonio Dominicano En catalogación 03.07.2009 02613 LF1   334 M538a 2677-20 25.06.2020 25.06.2020 Libro y Folleto Colección Patrimonio Dominicano e. 2

Powered by Koha